Statistics for Flag Carrier Airlines

Click here to take the quiz!

General Stats

  • This quiz has been taken 22,376 times
    (22,314 since last reset)
  • The average score is 11 of 20

Answer Stats

Country Flag Carrier % Correct
United KingdomBritish Airways
87%
FranceAir France
84%
AustraliaQantas
84%
GermanyLufthansa
80%
CanadaAir Canada
76%
NetherlandsKLM
73%
ItalyAlitalia
60%
IrelandAer Lingus
59%
SpainIberia
59%
RussiaAeroflot
57%
ChinaAir China
56%
Denmark / Norway / SwedenScandinavian Airlines
52%
IsraelEl Al
51%
New ZealandAir New Zealand
49%
FinlandFinnair
48%
PolandLOT Polish Airlines
38%
PortugalTAP Portugal
36%
ChileLATAM Airlines
31%
JordanRoyal Jordanian
26%
ColombiaAvianca
25%

Score Distribution

Percentile by Number Answered

Percent of People with Each Score

Your Score History

You have not taken this quiz since the last reset